| 000 | 00562nam a22001577a 4500 | ||
|---|---|---|---|
| 999 |
_c534682 _d534682 |
||
| 020 | _qHard Cover. | ||
| 082 | _a621.3678 | ||
| 100 | _aIbad Ur Rehman Raza. | ||
| 245 |
_aDetection of Damaged Buildings using Edge, Texture and Segmentation: A Case study of Haiti Earthquake / _cIbad Ur Rehman Raza. |
||
| 260 |
_aIslamabad : _bIGIS - NUST, _c2014. |
||
| 300 |
_ax, 61 p. ill. ; _c30cm. |
||
| 942 |
_2ddc _cTHE |
||
| 650 |
_aRemote Sensing and GIS - MS Thesis. _916703 |
||
| 700 |
_aDr. Ejaz Hussain. _919330 |
||